Alors Alors - Bigflo&Oli ( paroles ) - Statistiques

Statistiques générales
  • Ce quiz a été pris 158 fois
  • Le résultat moyen est 425 sur 570
Statistiques - réponses
% Correct
à
100%
a
100%
Allô
100%
allô
100%
Alors
99%
alors
99%
alors?
99%
que
99%
Tu
99%
tu
99%
ce
98%
de
97%
moi
96%
Dis
95%
dis
95%
la
95%
95%
ça
94%
le
93%
te
93%
C'est
92%
c'est
92%
et
92%
Et
92%
On
92%
on
92%
bonne
91%
Bonne
91%
est
91%
Est
91%
pas
91%
Pas
91%
ma
89%
me
89%
89%
ou
89%
elle
88%
fait
86%
ta
86%
tes
85%
T'es
85%
t'es
85%
je
84%
J'ai
83%
j'ai
83%
mais
83%
Mais
83%
qu'elle
82%
belle
81%
monde
81%
avec
80%
en
79%
tour
78%
cache
77%
sur
77%
deviens
76%
longtemps
76%
nouvelle
76%
tout
76%
Tout
76%
bordel
75%
m'disais
75%
Terre
75%
un
74%
une
74%
dit
73%
mère
73%
qu'est
73%
si
73%
Si
73%
canap
71%
changé
71%
nous
71%
refaisait
71%
vrai
71%
comme
69%
juste
69%
l'appart
69%
mort
69%
qu'on
69%
encore
68%
non
68%
qu'tu
68%
T'as
68%
t'as
68%
cherché
67%
pour
67%
rien
67%
sais
67%
appelé
66%
carte
66%
resté
66%
as
65%
demandé
65%
j'voudrais
65%
numéro
65%
caches
64%
Maintenant
64%
quand
64%
s'est
64%
valise
64%
bien
63%
envie
63%
nos
63%
savoir
63%
t'ai
63%
donner
62%
Faut
62%
parler
62%
qu't'es
62%
t'avais
62%
T'avais
62%
vois
62%
crois
61%
jamais
61%
leur
61%
prête
61%
J'aimerais
60%
malade
60%
promis
60%
qui
60%
assez
59%
dans
59%
Ils
59%
partout
59%
plein
58%
sois
58%
ai
57%
d'rêves
57%
du
57%
fou
57%
proverbe
57%
raté
57%
Toi
57%
faire
56%
hein
56%
manques
56%
peu
56%
reconnaître
56%
disent
55%
les
55%
promesses
55%
quartier
55%
reviens
55%
c'que
54%
d'nouvelles
54%
d'thune
54%
études
54%
j'te
54%
laisse
54%
tort
54%
j'vais
53%
mourir
53%
reviendras
53%
ton
53%
fini
51%
liste
51%
plus
51%
s'lâcher
51%
tous
51%
Bora
49%
d'avenir
49%
devait
49%
jour
49%
l'hiver
49%
parlait
49%
parti
49%
pense
49%
retard
49%
trop
49%
blagues
48%
celle
48%
Chaque
48%
espéré
48%
passé
48%
t'dire
48%
absence
47%
jouer
47%
l'été
47%
longue
47%
peut
47%
présent
47%
toujours
47%
maillot
46%
Y'a
46%
attendu
45%
l'heure
45%
hôtels
44%
j'y
44%
l'âge
44%
chercher
43%
Eldorado
43%
face
43%
hôpitaux
43%
répondais
42%
ville
42%
Des
41%
eu
41%
t'étais
41%
être
40%
latence
40%
nouvelles
40%
t'adore
40%
adore
39%
marre
39%
suis
38%
t'en
38%
ah
37%
banc
37%
Même
37%
s'kiffait
37%
pigeon
36%
râleur
36%
SMS
36%
tags
36%
tongs
36%
voyageur
36%
cash
35%
changée
35%
elles
35%
mens
35%
Comment
34%
entiers
34%
mauvaises
33%
J'attends
32%
sont
32%
ailleurs
31%
lisibles
31%
l'attente
27%
t'plait
27%
J'en
26%
planque
26%
supporte
26%
dénouement
25%
sortes
25%
suffoque
23%
ouais
18%
tellement
18%
frérot
14%
pente
14%
Aucun quiz correspondant
Distribution des résultats
% des personnes avec chaque résultat
Percentile par nombre de réponses
Votre historique - résultats
Vous n’avez pas pris ce quiz